000 01410nam a2200409 i 4500
001 14802
003 KOSZ 005
005 20210413135532.0
008 070918s1972 pl f l 000 0 pol
015 _aPB 1972/6387
035 _a991036635169705066
035 _a(PL-WaBN)b1983682x-48omnis_nlop
035 _ab1983682x
035 _a(OCoLC)830883367
035 _a(PL)b0000001983682
035 _a(EXLNZ-48OMNIS_NETWORK)9910245689905606
040 _aWA N
_cWA N
_dKOSZ 005/KK
080 _a69
080 _a351.82](438)
100 1 _aBar, Ludwik
_d(1906-1999)
_eOpracowanie
245 1 0 _aKodeks budowlany :
_bprzepisy i objaśnienia /
_czebrał i opracował Ludwik Bar.
250 _a[Wydanie 4], stan prawny na dzień 1 kwietnia 1972 r.
260 _aWarszawa :
_bWydawnictwo Prawnicze,
_c1972.
300 _a1108, [2] strony ;
_c23 cm.
336 _2rdacontent
_aTekst
_btxt
337 _2rdamedia
_aBez urządzenia pośredniczącego
_bn
338 _2rdacarrier
_aWolumin
_bnc
380 _aKsiążki
388 _a1901-2000
650 7 _aBudownictwo
_xprawo
_zPolska.
_2DBN
658 _aArchitektura i budownictwo
658 _aPrawo i wymiar sprawiedliwości
710 2 _aWydawnictwo Prawnicze
_4pbl
856 _uhttp://koha.tu.koszalin.pl/cgi-bin/koha/opac-detail.pl?biblionumber=14802
_yKatalog online BPK
942 _2UKD
_cKS
999 _c14802
_d14802